Library Banner
Normal view MARC view

Entry Personal Name

Number of records used in: 2

001 - CONTROL NUMBER

  • control field: 8950

003 - CONTROL NUMBER IDENTIFIER

  • control field: PK-LaUMT

005 - DATE AND TIME OF LATEST TRANSACTION

  • control field: 20260202101650.0

008 - FIXED-LENGTH DATA ELEMENTS

  • fixed length control field: 260202|| aca||aabn | a|a d

040 ## - CATALOGING SOURCE

  • Original cataloging agency: PK-LaUMT
  • Transcribing agency: PK-LaUMT

100 ## - HEADING--PERSONAL NAME

  • Personal name: Field, Andy

670 ## - SOURCE DATA FOUND

  • Source citation: Work cat.: (PK-LaUMT)139614: Field, Andy, Discovering statistics using IBM SPSS statistics /, 2024